000
00406nam a2200157Ia 4500
008
100122s9999 xx 000 0 und d
082
_b
46799
_a
823
100
_a
पाटील देवदत्त
245
_a
सौदा
250
_a
1
260
_b
मधुराज पब्लिकेशन
_c
1992
300
_a
340
630
_a
सौदा
730
_a
सौदा
942
_c
BOOK
999
_c
425847
_d
425844